Stój, bo strzelam!

Titel: Stój, bo strzelam! : polskie kompanie wartownicze w Niemczech 1945-1989 : album wystawy / autorzy tekstów: Izabela Cisek, Mateusz Gawlik, Piotr Makuła
Verfasser:
Veröffentlicht: Kraków : Muzeum Armii Krajowej im. gen. Emila Fieldorfa "Nila", 2022
Umfang: 96 Seiten : Illustrationen ; 30 cm
Format: Buch
Sprache: Polnisch
Schlagworte:
ISBN: 9788395002793 ; 8395002793
Buchumschlag
X
alg: 51808037
001A    $06000:09-05-24 
001B    $03004:11-12-25 $t10:46:48.000 
001D    $06000:14-11-24 
001U    $0utf8 
001X    $00 
002@    $0Aax 
002C    $aText $btxt $2rdacontent 
002C    $aunbewegtes Bild $bsti $2rdacontent 
002D    $aohne Hilfsmittel zu benutzen $bn $2rdamedia 
002E    $aBand $bnc $2rdacarrier 
003@    $0518080374 
003O    $01468585268 $aOCoLC 
004A    $A978-83-950027-9-3 $fBroschur 
004A    $083-950027-9-3 
006G    $01292405996 
006H    $0TOCNEUA2419 $2DNB 
006U    $024,A46 $f20230608 
007A    $01292405996 $aDNB 
009P    $qapplication/pdf $A2 $3Inhaltsverzeichnis $uhttps://d-nb.info/1292405996/04 $mB:DE-101 
010@    $apol 
010E    $erda 
011@    $a2022 $n2022 
013D    $RBuch $RBildliche Darstellung $#Bildband $#Abbildungen Formschlagwort $#Ansichtspostkarte Formschlagwort $#Bildatlas $#Bilddokumente $#Bilder Formschlagwort $#Bildmaterial Formschlagwort $#Ansichten Formschlagwort $#Bildsammlung $#Abbildungswerk $#Illustrationswerk $#Photographien-Bildband $#Fotographien-Bildband $#Bildbände $74145395-5 $8Bildband [Tsz] $9085578738 
013D    $RKatalog $#Exhibition catalogs $#Expositions $#Cataloghi di esposizioni $#Ausstellungskatalog $74135467-9 $8Ausstellungskatalog [Tsz] $xMuzeum Armii Krajowej im. gen. Emila Fieldorfa "Nila" w Krakowie $9085499846 $y27.09.2020-22.10.2022 $zKraków 
021A    $aStój, bo strzelam! $dpolskie kompanie wartownicze w Niemczech 1945-1989 : album wystawy $hautorzy tekstów: Izabela Cisek, Mateusz Gawlik, Piotr Makuła 
028A    $BVerfasser $4aut $7 $8Cisek, Izabela [Tnu] $9540618659 
033A    $pKraków $nMuzeum Armii Krajowej im. gen. Emila Fieldorfa "Nila" 
034D    $a96 Seiten 
034I    $a30 cm 
034M    $aIllustrationen 
037A    $aQuellen- und Literaturverzeichnis Seite 93 
044K    $RUnited States $RUSA $#USA, U.S. Army $#U.S. Army $#USA, United States Army $#United States Army $#Army USA $#USA, Armed Forces $#Armed Forces USA $#USA, Secretary of the Army $#Secretary of the Army USA $72188-X $8USA$bArmy [Tb1] $9040153444 
044K    $RPolin $#Polish people $#Polonais $#Polen (Personen) $#Pole $#Polen (Personen) $74046497-0 $8Polen$gVolk [Ts1] $908512981X 
044K    $RVerband $#Militärische Einheit $#Militäreinheit $#Militärische Einheiten $74206095-3 $8Einheit$gMilitär [Ts1] $9086052233 
044K    $RBewachung $RWächter $#Guard duty $#Service de garde $#Wache $74201724-5 $8Wachdienst [Ts1] $9086021036 
044K    $RDeutsches Sprachgebiet $RDeutschland $RDeutschland $#Deutsche Länder $#Germany Deutschland $#Heiliges Römisches Reich $#Rheinbund $#Deutscher Bund $#Norddeutscher Bund $#Deutsches Reich $#Deutschland Gebiet unter Alliierter Besatzung $#Deutschland Bundesrepublik, 1990- $#BRD 1990- $#Federal Republic of Germany Deutschland $#Republic of Germany Deutschland $#Allemagne Deutschland $#Ǧumhūrīyat Almāniyā al-Ittiḥādīya $#Bundesrepublik Deutschland 1990- $#BRD $#Niemcy $#République Fédérale d'Allemagne Deutschland $#Repubblica Federale di Germania Deutschland $#Germanija $#Federativnaja Respublika Germanija $#FRG $#Deyizhi-Lianbang-Gongheguo $74011882-4 $8Deutschland [Tg1] $9085025550 
045E    $c355 
045F    $a355.0094380904 $eDDC23BSB 
045F/01 $a355.009 
045F/03 $f0904 
045F/03 $g438 
045F/03 $g73 
045F/03 $g43 
045R    $aGeschichte 1945-1989 

lok: 51808037 24

exp: 51808037 24 1 #EPN
201B/01 $011-12-25 $t10:33:29.000 
201C/01 $014-11-25 
201U/01 $0utf8 
203@/01 $01322774579 
208@/01 $a11-12-25 $bz 
209A/01 $a25.06618 $du $f050 $h25 06618 $x00 
209C/01 $a25.06618 K $h25 06618 K 
209G/01 $a75145284 $x00 
220C/01 $ahae 
247C/01 $8358050-7 Marburg, Bibliothek des Herder-Instituts Marburg $9102600961
LEADER 00000cam a22000002c 4500
001 518080374
003 DE-603
005 20251211104648.0
007 tu
008 240509s2022 xx |||| | u00||u|pol
015 |a 24,A46  |2 dnb 
016 7 |2 DE-101  |a 1292405996 
020 |a 9788395002793  |c Broschur 
020 |a 8395002793 
035 |a (DE-599)DNB1292405996 
035 |a (OCoLC)1468585268 
040 |a DE-603  |b ger  |c DE-603  |d DE-603  |e rda 
041 |a pol 
082 0 4 |8 1\u  |a 355.0094380904  |q DE-101  |2 23/BSB 
084 |a 355  |q DE-101  |2 sdnb 
085 |8 1\u  |b 355.009 
085 |8 1\u  |z 1  |s 0904 
085 |8 1\u  |z 2  |s 438 
085 |8 1\u  |z 2  |s 73 
085 |8 1\u  |z 2  |s 43 
100 1 |a Cisek, Izabela  |e Verfasser  |4 aut  |0 (DE-603)540618659 
245 0 0 |a Stój, bo strzelam!  |b polskie kompanie wartownicze w Niemczech 1945-1989 : album wystawy  |c autorzy tekstów: Izabela Cisek, Mateusz Gawlik, Piotr Makuła 
264 1 |a Kraków  |b Muzeum Armii Krajowej im. gen. Emila Fieldorfa "Nila"  |c 2022 
300 |a 96 Seiten  |b Illustrationen  |c 30 cm 
336 |a Text  |b txt  |2 rdacontent 
336 |a unbewegtes Bild  |b sti  |2 rdacontent 
337 |a ohne Hilfsmittel zu benutzen  |b n  |2 rdamedia 
338 |a Band  |b nc  |2 rdacarrier 
500 |a Quellen- und Literaturverzeichnis Seite 93 
610 1 7 |a USA  |b Army  |2 gnd  |0 (DE-588)2188-X  |0 (DE-603)040153444 
648 7 |a Geschichte 1945-1989  |2 gnd 
650 7 |a Polen  |g Volk  |0 (DE-588)4046497-0  |0 (DE-603)08512981X  |2 gnd 
650 7 |a Einheit  |g Militär  |0 (DE-588)4206095-3  |0 (DE-603)086052233  |2 gnd 
650 7 |a Wachdienst  |0 (DE-588)4201724-5  |0 (DE-603)086021036  |2 gnd 
651 7 |a Deutschland  |0 (DE-588)4011882-4  |0 (DE-603)085025550  |2 gnd 
655 7 |a Bildband  |2 gnd-content  |0 (DE-588)4145395-5  |0 (DE-603)085578738 
655 7 |a Ausstellungskatalog  |x Muzeum Armii Krajowej im. gen. Emila Fieldorfa "Nila" w Krakowie  |y 27.09.2020-22.10.2022  |z Kraków  |2 gnd-content  |0 (DE-588)4135467-9  |0 (DE-603)085499846 
856 4 2 |m B:DE-101  |q application/pdf  |u https://d-nb.info/1292405996/04  |3 Inhaltsverzeichnis 
924 0 |9 Mb 50  |a (DE-603)1322774579  |b DE-Mb50  |c HES  |d c  |g 25.06618